Southville International School and Colleges
Your cart is empty.
  • Cart
  • Lists
    Public lists Eva Luna New books Lux_list list_1
    Your lists Log in to create your own lists
  • Log in to your account
  • Your cookies
  • Search history
Southville International School and Colleges
  • Advanced search
  • Recent comments
  • Most popular
  • Libraries

Log in to your account

Log in with GOOGLE


If you do not have an external account, but do have a local account, you can still log in:

  1. Home
  2. MARC view: I went walking /
Normal view MARC view ISBD view

I went walking / (Record no. 113499)

[ view plain ]
MARC details
000 -LEADER
fixed length control field 00506nam a2200181 a 4500
001 - CONTROL NUMBER
control field 0362
005 - DATE AND TIME OF LATEST TRANSACTION
control field 20140414132022.0
008 - FIXED-LENGTH DATA ELEMENTS--GENERAL INFORMATION
fixed length control field 040910s19uu xx 00 eng d
020 ## - INTERNATIONAL STANDARD BOOK NUMBER
International Standard Book Number 0-590-99464-6
050 ## - LIBRARY OF CONGRESS CALL NUMBER
Classification number TR
Item number IW2 1989
100 ## - MAIN ENTRY--PERSONAL NAME
Personal name Williams, Sue
245 ## - TITLE STATEMENT
Title I went walking /
Statement of responsibility, etc written by Sue Williams ; illustrated by Julie Vivas.
260 ## - PUBLICATION, DISTRIBUTION, ETC. (IMPRINT)
Place of publication, distribution, etc New York :
Name of publisher, distributor, etc Scholastic,
Date of publication, distribution, etc 1989.
300 ## - PHYSICAL DESCRIPTION
Extent 1 v.p. : ill. ; cm.
650 ## - SUBJECT ADDED ENTRY--TOPICAL TERM
Topical term or geographic name as entry element Animals
General subdivision Fiction.
650 ## - SUBJECT ADDED ENTRY--TOPICAL TERM
Topical term or geographic name as entry element Children stories.
Holdings
Withdrawn status Lost status Damaged status Use restrictions Home library Current library Shelving location Date acquired Source of acquisition Total Checkouts Full call number Barcode Date last seen Price effective from Koha item type
        Munich Library Munich Library Teachers Reference Section 09/10/2004     TR IW2 1989 M5076 04/14/2014 04/14/2014 Books

I went walking /

APA

Williams S., . (1989). I went walking. New York: Scholastic.

Chicago

Williams Sue, . 1989. I went walking. New York: Scholastic.

Harvard

Williams S., . (1989). I went walking. New York: Scholastic.

MLA

Williams Sue, . I went walking. New York: Scholastic. 1989.

  • Place hold
  • Print
  • Cite
  • Add to your cart (remove)
  • Save record
    BIBTEX Dublin Core MARCXML MARC (non-Unicode/MARC-8) MARC (Unicode/UTF-8) MARC (Unicode/UTF-8, Standard) MODS (XML) RIS
  • More searches
    Search for this title in:
    Other Libraries (WorldCat) Other Databases (Google Scholar) Online Stores (Bookfinder.com) Open Library (openlibrary.org)

Exporting to Dublin Core...

SOUTHVILLE LIBRARY

Southville International School and Colleges Library

1281 Tropical Ave. Cor. Luxembourg St., BF Homes International, Las Pinas City

Tel. No. 8256374 / 252358 Loc. 117/146

Powered by Koha